Tropical products : World markets and trade : revised world coffee production forecast remains on track for record.
| Format: | Book |
|---|---|
| Published: |
[S.l]:
United States Department of Agriculture,
2008.
|
| Subjects: |
| LEADER | 00462cam a2200121 7i4500 | ||
|---|---|---|---|
| 001 | 0000026984 | ||
| 005 | 20110919090000.0 | ||
| 090 | 0 | 0 | |a I 641.3373 |b TRO |
| 245 | 0 | 0 | |a Tropical products : World markets and trade : |b revised world coffee production forecast remains on track for record. |
| 260 | 0 | 0 | |a [S.l]: |b United States Department of Agriculture, |c 2008. |
| 300 | # | # | |a [v.p]. |
| 650 | 0 | 0 | |a Coffee industry and trade |
| 999 | |a 0000025582 |b Book |c International |e Business Information Centre | ||